000 00632nam a2200217Ia 4500
008 101110s9999 xx 000 0 und d
041 _aENGLISH
082 _bSR25217
100 _aChopade L.N.; Choudhuri D.H.
245 _aFinancial management (Buisiness Management)(Paper II) TYBCOM
260 _c2004
_bSheth Prakashan
300 _a818
365 _b180
520 _aCommerce
546 _aENGLISH
630 _aFinancial management (Buisiness Management)(Paper II) TYBCOM
650 _aCommerce
655 _aCommerce
730 _aFinancial management (Buisiness Management)(Paper II) TYBCOM
942 _cBOOK
999 _c817865
_d817862